Divisioni italiane nella seconda guerra mondiale - Statistics

Statistiche generali
  • Questo quiz è stato fatto 46 volte
  • Il punteggio medio è 37 su 87
Statistiche sulle risposte
Tipo di divisioni Divisioni % Corretto
Divisioni di fanteria 13a divisione di fanteria "Re"
100%
Divisioni di fanteria autotrasportabile 52a divisione di fanteria "Torino"
75%
Divisioni di fanteria motorizzata 102a divisione motorizzata "Trento"
69%
Divisioni di fanteria 12a divisione di fanteria "Sassari"
69%
Divisioni di fanteria autotrasportabile 27a divisione di fanteria "Brescia"
69%
Divisioni di fanteria 54a divisione di fanteria "Napoli"
69%
Divisioni di fanteria motorizzata 101a divisione motorizzata "Trieste"
66%
Divisioni corazzate 132a divisione corazzata "Ariete"
66%
Divisioni paracadutisti e di fanteria aviotrasportabile 185a divisione paracadutisti "Folgore"
66%
Divisioni di fanteria 28a divisione di fanteria "Aosta"
66%
Divisioni di fanteria da montagna 19a divisione di fanteria "Venezia"
63%
Divisioni di fanteria 47a divisione di fanteria "Bari"
63%
Divisioni di fanteria autotrasportabile 25a divisione di fanteria "Bologna"
59%
Divisioni di fanteria 41a divisione di fanteria "Firenze"
59%
Divisioni di fanteria 44a divisione di fanteria "Cremona"
59%
Divisioni di fanteria 15a divisione di fanteria "Bergamo"
56%
Divisioni di fanteria autotrasportabile 17a divisione di fanteria "Pavia"
56%
Divisioni alpine 2a divisione alpina "Tridentina"
56%
Divisioni di fanteria 30a divisione di fanteria "Sabauda"
56%
Divisioni di fanteria 65a divisione di fanteria "Granatieri di Savoia"
56%
Divisioni di fanteria da occupazione 155a divisione di fanteria "Emilia"
53%
Divisioni di fanteria 18a divisione di fanteria "Messina"
53%
Divisioni di fanteria da montagna 23a divisione di fanteria "Ferrara"
53%
Divisioni di fanteria 31a divisione di fanteria "Calabria"
53%
Divisioni alpine 3a divisione alpina "Julia"
53%
Divisioni di fanteria da montagna 3a divisione di fanteria "Ravenna"
53%
Divisioni di fanteria da montagna 4a divisione di fanteria "Livorno"
53%
Divisioni di fanteria da occupazione 104a divisione di fanteria "Mantova"
50%
Divisioni corazzate 133a divisione corazzata "Littorio"
50%
Divisioni di fanteria 21a divisione di fanteria "Granatieri di Sardegna"
50%
Divisioni di fanteria 29a divisione di fanteria "Piemonte"
50%
Divisioni di fanteria da montagna 37a divisione di fanteria "Modena"
50%
Divisioni di fanteria da montagna 38a divisione di fanteria "Puglie"
50%
Divisioni di fanteria da occupazione 156a divisione di fanteria "Vicenza"
47%
Divisioni di fanteria da occupazione 157a divisione di fanteria "Novara"
47%
Divisioni di fanteria da occupazione 159a divisione di fanteria "Veneto"
47%
Divisioni di fanteria 20a divisione di fanteria "Friuli"
47%
Divisioni di fanteria 22a divisione di fanteria "Cacciatori delle Alpi"
47%
Divisioni di fanteria da montagna 59a divisione di fanteria "Cagliari"
47%
Divisioni alpine 6a divisione alpina "Alpi Graje"
47%
Divisioni di fanteria da occupazione 103a divisione di fanteria "Piacenza"
44%
Divisioni corazzate 131a divisione corazzata "Centauro"
44%
Divisioni paracadutisti e di fanteria aviotrasportabile 184a divisione paracadutisti "Nembo"
44%
Divisioni alpine 1a divisione alpina "Taurinense"
44%
Divisioni di fanteria 49a divisione di fanteria "Parma"
44%
Divisioni di fanteria 57a divisione di fanteria "Lombardia"
44%
Divisioni di fanteria autotrasportabile 64a divisione di fanteria "Catanzaro"
44%
Divisioni paracadutisti e di fanteria aviotrasportabile 80a divisione di fanteria "La Spezia"
44%
Divisioni celeri 3a divisione celere "Amedeo duca d'Aosta"
41%
Divisioni alpine 4a divisione alpina "Cuneense"
41%
Divisioni di fanteria 6a divisione di fanteria "Cuneo"
41%
Divisioni di fanteria autotrasportabile 9a divisione di fanteria "Pasubio"
41%
Divisioni di fanteria da occupazione 105a divisione di fanteria "Rovigo"
38%
Divisioni di fanteria da occupazione 151a divisione di fanteria "Perugia"
38%
Divisioni paracadutisti e di fanteria aviotrasportabile 183a divisione paracadutisti "Ciclone"
38%
Divisioni di fanteria da montagna 36a divisione di fanteria "Forlì"
38%
Divisioni di fanteria 50a divisione di fanteria "Regina"
38%
Divisioni di fanteria 51a divisione di fanteria "Siena"
38%
Divisioni alpine 5a divisione alpina "Pusteria"
38%
Divisioni celeri 2a divisione celere "Emanuele Filiberto testa di ferro"
34%
Divisioni di fanteria da montagna 32a divisione di fanteria "Marche"
34%
Divisioni di fanteria autotrasportabile 59a divisione di fanteria "Savona"
34%
Divisioni di fanteria 5a divisione di fanteria "Cosseria"
34%
Divisioni di fanteria autotrasportabile 10a divisione di fanteria "Piave"
31%
Divisioni di fanteria da occupazione 152a divisione di fanteria "Piceno"
31%
Divisioni di fanteria 24a divisione di fanteria "Pinerolo"
31%
Divisioni di fanteria 40a divisione di fanteria "Cacciatori d'Africa"
31%
Divisioni di fanteria da montagna 53a divisione di fanteria "Arezzo"
31%
Divisioni di fanteria autotrasportabile 60a divisione di fanteria "Sabratha"
31%
Divisioni di fanteria da montagna 2a divisione di fanteria "Sforzesca"
28%
Divisioni di fanteria da montagna 33a divisione di fanteria "Acqui"
28%
Divisioni di fanteria 7a divisione di fanteria "Lupi di Toscana"
28%
Divisioni di fanteria 16a divisione di fanteria "Pistoia"
25%
Divisioni di fanteria 14a divisione di fanteria "Isonzo"
22%
Divisioni celeri 1a divisione celere "Eugenio di Savoia"
22%
Divisioni di fanteria 58a divisione di fanteria "Legnano"
22%
Divisioni di fanteria da occupazione 153a divisione di fanteria "Macerata"
19%
Divisioni di fanteria da occupazione 158a divisione di fanteria "Zara"
19%
Divisioni di fanteria 56a divisione di fanteria "Casale"
13%
Divisioni di fanteria autotrasportabile 63a divisione di fanteria "Cirene"
13%
Divisioni di fanteria da montagna 11a divisione di fanteria "Brennero"
9%
Divisioni di fanteria da occupazione 154a divisione di fanteria "Murge"
9%
Divisioni di fanteria da montagna 1a divisione di fanteria "Superga"
9%
Divisioni di fanteria da montagna 26a divisione di fanteria "Assietta"
9%
Divisioni di fanteria 48a divisione di fanteria "Taro"
9%
Divisioni di fanteria autotrasportabile 61a divisione di fanteria "Sirte"
9%
Divisioni di fanteria autotrasportabile 62a divisione di fanteria "Marmarica"
9%
Nessun quiz corrispondente trovato
Distribuzione punteggi
Percentuale di utenti per punteggio
Percentile per numero di risposta
I tuoi punteggi nel tempo
Non hai fatto questo quiz